The Last of Us - Characters by picture - Statistics

General Stats
  • This quiz has been taken 675 times
  • The average score is 11 of 13
Answer Stats
Picture Answer % Correct
Ellie
100%
Joel
100%
Tommy
96%
Sarah
95%
Bill
91%
Tess
90%
Sam
84%
Marlene
83%
Henry
77%
David
75%
Maria
74%
Riley
73%
Robert
45%
No matching quizzes found
Score Distribution
Percent of People with Each Score
Percentile by Number Answered
Your Score History
You have not taken this quiz